| 000 | 00600nam a2200241 a 4500 | ||
|---|---|---|---|
| 999 |
_c6406 _d6406 |
||
| 001 | 6406 | ||
| 003 | BD-JhCC | ||
| 005 | 20180418183323.0 | ||
| 008 | 180122s1949 b |||| || | 00| 0 eng d | ||
| 035 | _a(BD-JhCC)6406 | ||
| 040 |
_aBD-JhCC _dBD-JhCC |
||
| 041 | _aeng | ||
| 082 |
_a297.09 _bSHA 1949 |
||
| 100 | _aShawk, Abdur Rahman | ||
| 245 |
_aতারিখে ইসলাম / _cAbdur Rahman Shawk, |
||
| 250 | _a22th ed. | ||
| 260 |
_aDhaka : _bIkbal Book Deepo, _c1949. |
||
| 300 |
_a960 p. : _c23 cm. |
||
| 650 | _aIslam | ||
| 650 | _aHistory | ||
| 942 |
_2ddc _cBK |
||